Capitais mundiais mais próximas de Vienciana - Statistics

Estatísticas Gerais
  • Esse quiz foi jogado 24 vezes
  • A pontuação média é 16 de 20
Estatísticas das Respostas
km capital % Correto
1652 Kuala Lumpur
95%
2846 Nova Deli
95%
2778 Pequim
95%
3222 Seul
95%
482 Hanói
90%
2731 Jakarta
90%
1999 Manila
90%
1854 Singapura
90%
754 Phnom Penh
85%
521 Banguecoque
80%
2109 Taipé
80%
1700 Thimbu
80%
3239 Pyongyang
75%
3353 Ulaanbaatar
75%
1979 Bandar Seri Begawan
70%
2076 Catmandu
70%
1424 Daca
70%
3418 Islamabad
70%
716 Naypyidaw
60%
2753 Colombo
55%
Nenhum quiz correspondente encontrado
Distribuição das Pontuações
Porcentagem de Pessoas com Cada Pontuação
Percentil de Números Respondidos
Sua Pontuação Histórica
Você não jogou esse quiz